000 00190 a2200097 4500
020 _a9789978803035
041 _aspa
100 _aHermanos Grimm
245 _aCuentos para niǫs
942 _cBK
999 _c1531
_d1531